000 00577nam a2200217Ia 4500
003 OSt
005 20220928145925.0
006 a|||||r|||| 00| 0
007 ta
008 220927b |||||||| |||| 00| 0 eng d
024 _a85621
037 _cTextual
040 _aSDCL
_cSDCL
_beng
041 _2eng
_aeng
082 _aX:75.2'P, P3
100 _aSrivastava Vatsala Ed.
_9514674
245 0 _aSocial and economic dimensions of Indian population
260 _c2003
942 _hX:75.2'P, P3
_cTEXL
_2CC
999 _c837859
_d837859